000 01117cam a2200313 4500
001 33064
003 BD-RjUL
005 20211209051935.0
008 140430s1970 nyua b 101 0 eng
020 _a0123551501
035 _a(BD-RjUL)33155
040 _aDLC
_cDLC
_dBD-RjUL
_beng
041 _aeng
082 0 0 _a301.1
_bEAR 1970
245 0 0 _aEarly experiences and the processes of socialization /
_cEdited by Ronald A. Hoppe, G. Alexander Milton [and] Edward C. Simmel.
260 _aNew York :
_bAcademic Press,
_c1970.
300 _axi, 220 p. :
_billus. ;
_c24 cm.
490 0 _aSocial psychology
500 _aBased on papers presented at the second Miami University Symposium on Social Behavior held in 1968.
504 _aIncludes bibliographies.
650 0 _aSocialization.
_9100478
700 1 _aHoppe, Ronald A.,
_eed.
_9100479
700 1 _aMilton, George Alexander,
_d1930-
_eed.
_9100480
700 1 _aSimmel, Edward C.,
_eed.
_9100481
711 2 _aMiami University Symposium on Social Behavior,
_n2d,
_d1968.
_9100482
942 _2ddc
_cBK
999 _c33064
_d33064